| 000 | 00600nam a2200217Ia 4500 | ||
|---|---|---|---|
| 005 | 20250425161820.0 | ||
| 008 | 250425s9999 xx 000 0 und d | ||
| 020 | _a0201694719 | ||
| 041 | _aeng | ||
| 082 | _a005.756 | ||
| 100 | _aHERNANDEZ, MICHAEL J. | ||
| 245 | 0 | _aDATABASE DESIGN FOR MERE MORTALS: A HANDS-ON GUIDE TO RELATIONAL DATABASE DESIGN | |
| 250 | _a1ST ED. | ||
| 260 |
_aEstados Unidos _bADDISON - WESLEY _c1997 |
||
| 260 | _aUPPER SADDLE RIVER | ||
| 300 | _a440 | ||
| 650 | _aBASE DE DATOS RELACIONAL | ||
| 650 | _aBASE DE DATOS-DISEÑO | ||
| 942 | _c01 | ||
| 010 | _a30865 | ||
| 999 |
_c216685 _d216685 |
||